| 000 | 00678nam a2200229 i 4500 | ||
|---|---|---|---|
| 001 | bg | ||
| 100 | 1 | _aSTUTELY, Richard | |
| 245 | 1 | 0 |
_aThe definitive business plan : _bthe fast-track to intelligent business planning for executives and entrepreneurs / _cRichard Stutely. |
| 260 |
_aHarlow : _bPearson Education, _c1999. |
||
| 300 |
_aXVI, 304 s. : _brys.,wykr. ; _c25 cm. |
||
| 490 | 1 | _aStrategy | |
| 504 | _aIndeks. | ||
| 650 | 9 |
_aPrzedsiębiorstwo _xplanowanie |
|
| 830 | _aStrategy | ||
| 020 | _a0273639307 | ||
| 040 | _cBPK | ||
| 041 | 0 | _aen | |
| 080 | _a658.1/.5:65.012.2 | ||
| 920 | _a0-273-63930-7 | ||
| 942 | _cKS | ||
| 008 | s pl f |000 0 pol | ||
| 999 |
_c37066 _d37066 |
||
| 856 |
_uhttp://koha.tu.koszalin.pl/cgi-bin/koha/opac-detail.pl?biblionumber=37066 _yKatalog online BPK |
||